| 000 | 00569nam a2200217Ia 4500 | ||
|---|---|---|---|
| 003 | OSt | ||
| 005 | 20220918192500.0 | ||
| 006 | a|||||r|||| 00| 0 | ||
| 007 | ta | ||
| 008 | 220917b |||||||| |||| 00| 0 eng d | ||
| 024 | _a68,612 | ||
| 037 | _cTextual | ||
| 040 |
_aARTS _cARTS _beng |
||
| 041 |
_2eng _aeng |
||
| 082 | _aR3, J13 | ||
| 100 | _aLanger Susanne K | ||
| 245 | 0 |
_aPhilosophy in a new key _b a study in the symbolism of reason ,rite,and art |
|
| 260 | _c1951 | ||
| 942 |
_hR3, J13 _cTEXL _2CC |
||
| 999 |
_c194783 _d194783 |
||